Csanádpalota városi rangról álmodik a szennyvízberuházás sem hiányzik hozzá sokáig /
Elmentve itt :
| Szerző: | |
|---|---|
| Dokumentumtípus: | Cikk |
| Megjelent: |
2008-09-16
|
| Sorozat: | Délmagyarország
98 No. 217 |
| Kulcsszavak: | Csanádpalota, Településpolitika településfejlesztés városi rang, Közműfejlesztés csatornázás |
| Online Access: | http://dmarchiv.bibl.u-szeged.hu/140650 |
| LEADER | 00601nab a2200157 i 4500 | ||
|---|---|---|---|
| 001 | delm140650 | ||
| 005 | 20200103130241.0 | ||
| 008 | 200103s2008 hu o 0|| hun d | ||
| 040 | |a SZTE Délmagyarország Archívum |b hun | ||
| 041 | |a hun | ||
| 100 | 1 | |a Szabó Imre | |
| 245 | 1 | 0 | |a Csanádpalota városi rangról álmodik |h [elektronikus dokumentum] : |b a szennyvízberuházás sem hiányzik hozzá sokáig / |c Szabó Imre |
| 260 | |c 2008-09-16 | ||
| 300 | |a 5 | ||
| 490 | 0 | |a Délmagyarország |v 98 No. 217 | |
| 695 | |a Csanádpalota, Településpolitika településfejlesztés városi rang, Közműfejlesztés csatornázás | ||